| 000 -LEADER | |
|---|---|
| fixed length control field | 00431nam a22001697a 4500 |
| 005 - DATE AND TIME OF LATEST TRANSACTION | |
| control field | 20160630153507.0 |
| 008 - FIXED-LENGTH DATA ELEMENTS--GENERAL INFORMATION | |
| fixed length control field | 160630b xxu||||| |||| 00| 0 eng d |
| 020 ## - INTERNATIONAL STANDARD BOOK NUMBER | |
| ISBN | 81-219-2635-1 |
| 041 ## - LANGUAGE CODE | |
| Language code of text/sound track or separate title | eng |
| 082 ## - DEWEY DECIMAL CLASSIFICATION NUMBER | |
| Item number | 20019 |
| 100 ## - MAIN ENTRY--AUTHOR NAME | |
| Personal name | Sundaram, K Shanmuga |
| 245 ## - TITLE STATEMENT | |
| Title | Hydraulic & pneumatic control |
| 260 ## - PUBLICATION, DISTRIBUTION, ETC. (IMPRINT) | |
| Place of publication | New Delhi |
| Name of publisher | Sultan Chand & Sons, |
| Year of publication | 2014 |
| 300 ## - PHYSICAL DESCRIPTION | |
| Number of Pages | 223 |
| 650 ## - SUBJECT ADDED ENTRY--TOPICAL TERM | |
| Topical Term | Diploma Engineering |
| 942 ## - ADDED ENTRY ELEMENTS (KOHA) | |
| Koha item type | Books |
| Lost status | Damaged status | Home library | Current library | Shelving location | Date acquired | Cost, normal purchase price | Full call number | Accession Number | Koha item type | Collection code |
|---|---|---|---|---|---|---|---|---|---|---|
| JRU Library | SHELF-42-F | 30/06/2016 | 195.00 | 20019 | 20019 | Books | ||||
| JRU Library | SHELF-42-F | 30/06/2016 | 195.00 | 20019 | 20020 | Books | ||||
| JRU Library | SHELF-42-F | 30/06/2016 | 195.00 | 20019 | 20021 | Books | ||||
| JRU Library | SHELF-42-F | 30/06/2016 | 195.00 | 20019 | 20022 | Books | ||||
| JRU Library | SHELF-42-F | 30/06/2016 | 195.00 | 20019 | 20023 | Books | ||||
| JRU Library | SHELF-42-F | 30/06/2016 | 195.00 | 20019 | 20024 | Books | ||||
| JRU Library | SHELF-42-F | 30/06/2016 | 195.00 | 20019 | 20025 | Books | ||||
| JRU Library | SHELF-42-F | 30/06/2016 | 195.00 | 20019 | 20026 | Books | ||||
| JRU Library | SHELF-42-F | 30/06/2016 | 195.00 | 20019 | 20027 | Books | ||||
| JRU Library | SHELF-72-C | 30/06/2016 | 195.00 | 20019 | 20028 | Books | Reference | |||
| JRU Library | SHELF-42-F | 30/06/2016 | 195.00 | 20019 | 20029 | Books | ||||
| JRU Library | SHELF-42-F | 30/06/2016 | 195.00 | 20019 | 20030 | Books | ||||
| JRU Library | SHELF-42-F | 30/06/2016 | 195.00 | 20019 | 20031 | Books | ||||
| JRU Library | SHELF-42-F | 30/06/2016 | 195.00 | 20019 | 20032 | Books | ||||
| JRU Library | SHELF-42-F | 30/06/2016 | 195.00 | 20019 | 20033 | Books | ||||
| JRU Library | SHELF-42-F | 30/06/2016 | 195.00 | 20019 | 20034 | Books | ||||
| JRU Library | SHELF-42-F | 30/06/2016 | 195.00 | 20019 | 20035 | Books | ||||
| JRU Library | SHELF-42-F | 30/06/2016 | 195.00 | 20019 | 20036 | Books | ||||
| JRU Library | SHELF-42-F | 30/06/2016 | 195.00 | 20019 | 20037 | Books |